Welcome to the Holygrace Academy Library

Please use search bar below to get started

PANDAVAPURAM (Record no. 7190)

MARC details
000 -LEADER
fixed length control field 00297nam a22001337a 4500
020 ## - INTERNATIONAL STANDARD BOOK NUMBER
ISBN 81-7130-249-1
082 ## - DEWEY DECIMAL CLASSIFICATION NUMBER
Classification number 894.812
Item number SET/P
100 ## - MAIN ENTRY--AUTHOR NAME
Personal name SETHU
245 ## - TITLE STATEMENT
Title PANDAVAPURAM
260 ## - PUBLICATION, DISTRIBUTION, ETC. (IMPRINT)
Place of publication KOTTAYAM
Name of publisher DC BOOKS
Year of publication 2019
300 ## - PHYSICAL DESCRIPTION
Number of Pages 148
650 ## - SUBJECT ADDED ENTRY--TOPICAL TERM
Topical Term MALAYALAM LITERATURE/ NOVEL
Geographic subdivision KERALA
942 ## - ADDED ENTRY ELEMENTS (KOHA)
Koha item type Books
Holdings
Withdrawn status Lost status Collection code Home library Current library Shelving location Date acquired Source of acquisition Cost, normal purchase price Full call number Accession Number Koha item type
    Fiction Main Library Main Library NEW SHELF WITH NEW ENTRY 11/11/2023 purchase 150.00 894.812 SET/P 13309 Books